• 首页
  • 本馆介绍
  • 公告通知
  • 最新文献
  • 馆藏检索
  • 电子资源
  • 读者导购
  • 参考咨询
  • 我的图书馆
  • 登录
  • 详细信息显示
  • 放入我的书架
  • 预约/预借图书
  • 作者相关作品
  • 分类相关作品
  • 丛书相关作品
  • 出版社相关作品

书目信息

  • 表格格式
  • 工作单格式
  • 卡片格式
题名:
中国文化地理纲要
    
 
作者: 胡兆量 编著
分册:  
出版信息: 北京   人民教育出版社  2005
页数: 13,388页
开本: 20cm
丛书名:
单 册:
中图分类: G07
科图分类:
主题词: 文化地理学--中国 , 文化地理学
电子资源:
ISBN: 7-107-18558-6
000 00834nam0 2200253 450
000 00841nam0 2200253 450
000 00775nam0 2200229 450
000 00739nam0 2200217 45
005 20070727141558.16
010    @a7-107-18558-6@dCNY21.70
100    @a20070707d2005 em y0chiy0120 ea
101 0  @achi
102    @aCN@b110000
105    @ay z 000yy
200 1  @a中国文化地理纲要@AZhong Guo Wen Hua Di Li Gang Yao@f胡兆量等[编著]@FHu Zhao Liang Deng [ Bian Zhu ]
210    @a北京@c人民教育出版社@d2005
215    @a13,388页@d20cm
330    @a本书收集了几个典型区域案例,阐述了区域文化特征、区域文化比较、区域形象、文化区划等概念。
606 0  @a文化地理学@y中国
606 0  @a文化地理学
690    @aG07@v4
701  0 @a胡兆量@AHu Zhao Liang@f(1933~)@4编著
801  0 @aCN@bTAOJIN@c20070727
905    @a10447@dG07@e74
    
    中国文化地理纲要/胡兆量等[编著].-北京:人民教育出版社,2005
    13,388页;20cm
    
    
    ISBN 7-107-18558-6:CNY21.70
    本书收集了几个典型区域案例,阐述了区域文化特征、区域文化比较、区域形象、文化区划等概念。
●
相关链接 在E读中查询图书 在五车中查询图书 在当当中查询图书 在豆瓣中查询图书


正题名:中国文化地理纲要     索取号:G07/74         预约/预借

序号 登录号 条形码 馆藏地/架位号 状态 备注
1 0821065   208210657   第一样本阅览室/ [索取号:G07/74] 在馆    
2 0821066   208210666   第四借阅区/ [索取号:G07/74] 在馆    
3 0821067   208210675   第四借阅区/ [索取号:G07/74] 在馆    
4 0821068   208210684   第四借阅区/ [索取号:G07/74] 在馆    
5 0821069   208210693   第四借阅区/ [索取号:G07/74] 在馆    
唐山师范学院图书馆 欢迎您!
大连网信软件有限公司© 版权所有